00784nam a22002297a 4500003001100000005001700011008004100028020001500069040003900084041000800123082001300131245006400144260004800208300003500256650004700291650004300338650003500381700002900416942000700445952008700452999001500539LK-CoMWRAF20230921103939.0230903b2005 |||||||| |||| 00| 0 eng d a9991668306 aLK-CoMWRAFdLK-CoMWRAFeLK-CoMWRAF aeng a823bBET aBetween yesterday and tomorrow:bwritings by Namibian women aWindhoek:bWomen's Leadership Centre,c2005 a xxxii, 212 p. : ill. ; 24 cm. aNAMIBIAN LITERATURE(ENGLISH)-Women authors aWomen's rights--Literary collections.  aNamibia--Literary collections. aIKhaxas, Elizabeth.eed. cBK 00104070aMAINbMAINd2023-09-03l0o823 BETpRAF525r2023-09-03w2023-09-03yBK c3388d3388